El Pensamiento político contemporáneo en Inglaterra / Lewis Rockow ; traducido por Teodoro González García
Descripción Física:
VI, 387 p. ; 22 cm
Otros Autores:
González García, Teodoro
Materias:
Ciències polítiques -- Anglaterra
MARC
| LEADER | 00000nam a2200000Ia 4500 | ||
|---|---|---|---|
| 001 | 745 | ||
| 008 | 160829s1932 xx 000 0 cat d | ||
| 080 | |a M-2-192 | ||
| 100 | |a Rockow, Lewis |9 25540 | ||
| 245 | |a El Pensamiento político contemporáneo en Inglaterra / Lewis Rockow ; traducido por Teodoro González García | ||
| 260 | |a Barcelona : |b Libreria Bosch, |c 1932 | ||
| 300 | |a VI, 387 p. ; |c 22 cm | ||
| 650 | |a Ciències polítiques |x Anglaterra |9 25541 | ||
| 700 | |a González García, Teodoro |9 24855 | ||
| 901 | |a Arxiu | ||
| 942 | |n 1 | ||
| 952 | |0 0 |1 0 |4 0 |6 M2192 |7 1 |9 43666 |a Arxiu |b Arxiu |d 2016-12-01 |l 0 |o M-2-192 |p 745 |r 2016-12-01 00:00:00 |w 2016-12-01 |y ARXIU | ||
| 999 | |c 46214 |d 46214 | ||